[Event "Spring Tournament 2018 under 2300 "]
[Site "SchemingMind.com"]
[Date "2018.02.07"]
[Round "-"]
[White "Transcendent"]
[Black "fanfan_la_Tulipe"]
[Result "0-1"]
[WhiteCountry "ENG"]
[BlackCountry "AUT"]
[WhiteElo "1325"]
[WhiteRD "58"]
[BlackElo "1997"]
[BlackRD "81"]
[GameID "424537"]

1. e4 e5 2. Nf3 Nc6 3. Bb5 a6 4. Ba4 Nf6 5. O-O Bc5 6. d3 b5 7. Bb3 h6 8. Nbd2 d6 9. c3 O-O 10. h3 Be6
11. Bxe6 fxe6
0-1

[Event "Spring Tournament 2018 under 2300 "]
[Site "SchemingMind.com"]
[Date "2018.02.07"]
[Round "-"]
[White "fanfan_la_Tulipe"]
[Black "Transcendent"]
[Result "1-0"]
[WhiteCountry "AUT"]
[BlackCountry "ENG"]
[WhiteElo "1997"]
[WhiteRD "81"]
[BlackElo "1325"]
[BlackRD "58"]
[GameID "424538"]

1. d4 Nf6 2. c4 e6 3. Nc3 Bb4 4. e3 O-O 5. Ne2 c5 6. a3 Bxc3+ 7. Nxc3 Nc6 8. Be2 cxd4 9. exd4 d5 10. c5 b6
11. b4 a5 12. b5
1-0

[Event "Spring Tournament 2018 under 2300 "]
[Site "SchemingMind.com"]
[Date "2018.02.11"]
[Round "-"]
[White "Transcendent"]
[Black "Ragged Rook"]
[Result "0-1"]
[WhiteCountry "ENG"]
[BlackCountry "ENG"]
[WhiteElo "1325"]
[WhiteRD "58"]
[BlackElo "1889"]
[BlackRD "85"]
[GameID "424616"]

1. d4 g6 2. c4 Bg7 3. g3 c5 4. d5 d6 5. Bg2 b5 6. Qc2 Nd7 7. Nf3 bxc4 8. Qxc4 Nb6 9. Qc2 Nxd5 10. O-O Ngf6
11. Bg5 O-O 12. Nh4 Nb4 13. Qc1 Rb8 14. a3 Na6
0-1

[Event "Spring Tournament 2018 under 2300 "]
[Site "SchemingMind.com"]
[Date "2018.02.11"]
[Round "-"]
[White "Ragged Rook"]
[Black "Transcendent"]
[Result "1-0"]
[WhiteCountry "ENG"]
[BlackCountry "ENG"]
[WhiteElo "1889"]
[WhiteRD "85"]
[BlackElo "1325"]
[BlackRD "58"]
[GameID "424617"]

1. a3 d5 2. g3 e5 3. Bg2 Nf6 4. d3 Bc5 5. e3 O-O 6. Ne2 c6 7. Nd2 Be6 8. b4 Be7 9. Bb2 Nbd7 10. O-O Rc8
11. Rb1 a6 12. f4
1-0

[Event "Spring Tournament 2018 under 2300 "]
[Site "SchemingMind.com"]
[Date "2018.02.10"]
[Round "-"]
[White "fanfan_la_Tulipe"]
[Black "Ragged Rook"]
[Result "0-1"]
[WhiteCountry "AUT"]
[BlackCountry "ENG"]
[WhiteElo "1997"]
[WhiteRD "81"]
[BlackElo "1889"]
[BlackRD "85"]
[GameID "424618"]

1. d4 g6 2. g3 Bg7 3. Bg2 d6 4. e4 c5 5. c3 Qa5 6. Ne2 cxd4 7. Nxd4 Nc6 8. O-O Nxd4 9. cxd4 Qb6 10. Nc3 e6
11. Ne2 Ne7 12. Rb1 O-O 13. Be3 d5 14. f3 Bd7 15. Nc3 Nc6 16. exd5 Bxd4 17. Bxd4 Nxd4 18. Kh1 Nf5 19. Qd2 Ne3 20. Rfe1 Nxd5
21. Nxd5 exd5 22. f4 Be6 23. Re5 d4 24. Rd1 Rfd8 25. b3 Rac8 26. Re4 d3 27. Rb4 Qa5 28. Rxb7 Qxd2 29. Rxd2 Rc2
0-1

[Event "Spring Tournament 2018 under 2300 "]
[Site "SchemingMind.com"]
[Date "2018.02.10"]
[Round "-"]
[White "Ragged Rook"]
[Black "fanfan_la_Tulipe"]
[Result "0-1"]
[WhiteCountry "ENG"]
[BlackCountry "AUT"]
[WhiteElo "1875"]
[WhiteRD "85"]
[BlackElo "2014"]
[BlackRD "79"]
[GameID "424619"]

1. e4 e5 2. Nf3 Nc6 3. Nc3 Nf6 4. g3 d5 5. exd5 Nxd5 6. Bg2 Nxc3 7. bxc3 Bd6 8. O-O O-O 9. Rb1 Rb8 10. d3 h6
11. Nd2 Bd7 12. Nc4 Qc8 13. Re1 Bg4 14. Nxd6 cxd6 15. Qd2 Be6 16. a4 Qc7 17. d4 exd4 18. cxd4 d5 19. Ba3 Rfe8 20. c4 Red8
21. Bb2 Na5 22. cxd5 Bxd5 23. Bh3 Nc4 24. Qc3 Qc6 25. Bc1 Qxa4 26. Bf4 Ra8 27. Bf1 Rac8 28. Ra1 Qd7 29. Rxa7 Ne5 30. Qxc8 Nf3+
0-1

[Event "Spring Tournament 2018 under 2300 "]
[Site "SchemingMind.com"]
[Date "2018.02.11"]
[Round "-"]
[White "Transcendent"]
[Black "ray winteringham"]
[Result "0-1"]
[WhiteCountry "ENG"]
[BlackCountry "ENG"]
[WhiteElo "1325"]
[WhiteRD "58"]
[BlackElo "1569"]
[BlackRD "50"]
[GameID "424660"]

1. e4 e5 2. Nf3 Nc6 3. Bb5 d6 4. d4 Ne7 5. d5 a6 6. Bxc6+ bxc6 7. O-O Bd7 8. c4 cxd5 9. cxd5 Ng6 10. Be3 Be7
11. Nc3 O-O 12. Rc1 c5 13. Qd2 Bb5 14. Nxb5 axb5 15. a3 f6 16. Ne1 Qd7 17. f4 exf4 18. Bxf4 f5
0-1

[Event "Spring Tournament 2018 under 2300 "]
[Site "SchemingMind.com"]
[Date "2018.02.11"]
[Round "-"]
[White "ray winteringham"]
[Black "Transcendent"]
[Result "1-0"]
[WhiteCountry "ENG"]
[BlackCountry "ENG"]
[WhiteElo "1569"]
[WhiteRD "50"]
[BlackElo "1325"]
[BlackRD "58"]
[GameID "424661"]

1. g3 d5 2. Bg2 Nf6 3. d4 c5 4. e3 Nc6 5. Nf3 Bg4 6. h3 Bh5 7. O-O e6 8. Qe1 Bxf3 9. Bxf3 cxd4 10. Bd2 dxe3
11. Bxe3 Bd6 12. Kh1 O-O 13. Bg2 Rc8 14. c3 Qc7 15. Nd2 Na5 16. f4 Nc4 17. Nxc4 Qxc4 18. a3 Ne4 19. Bxe4
1-0

[Event "Spring Tournament 2018 under 2300 "]
[Site "SchemingMind.com"]
[Date "2018.02.11"]
[Round "-"]
[White "ray winteringham"]
[Black "fanfan_la_Tulipe"]
[Result "0-1"]
[WhiteCountry "ENG"]
[BlackCountry "AUT"]
[WhiteElo "1501"]
[WhiteRD "52"]
[BlackElo "2024"]
[BlackRD "94"]
[GameID "424662"]

1. e4 e5 2. Nf3 Nc6 3. Be2 Nf6 4. d3 d5 5. exd5 Nxd5 6. Be3 Nxe3 7. fxe3 Bc5 8. Qd2 O-O 9. a3 a6 10. Nc3 f5
11. e4 f4 12. O-O-O Be3
0-1

[Event "Spring Tournament 2018 under 2300 "]
[Site "SchemingMind.com"]
[Date "2018.02.11"]
[Round "-"]
[White "fanfan_la_Tulipe"]
[Black "ray winteringham"]
[Result "1-0"]
[WhiteCountry "AUT"]
[BlackCountry "ENG"]
[WhiteElo "2024"]
[WhiteRD "94"]
[BlackElo "1501"]
[BlackRD "52"]
[GameID "424663"]

1. d4 d5 2. c4 e6 3. Nc3 c6 4. Nf3 Bb4 5. e3 Bxc3+ 6. bxc3 Nf6 7. Bd3 dxc4 8. Bxc4 b5 9. Bd3 Bb7 10. Ba3 Nbd7
11. O-O Qc7 12. Qb3 O-O-O 13. c4 bxc4 14. Bxc4 Nb6 15. Be2 Nfd5 16. Rfc1 Kb8 17. Rab1 h6 18. Bc5 f5 19. a4 Kc8 20. a5 Na8
21. a6 Bxa6 22. Bxa6+ Kd7 23. Ne5+ Ke8 24. Nxc6 Qxc6 25. Bb5
1-0

[Event "Spring Tournament 2018 under 2300 "]
[Site "SchemingMind.com"]
[Date "2018.02.11"]
[Round "-"]
[White "ray winteringham"]
[Black "Ragged Rook"]
[Result "0-1"]
[WhiteCountry "ENG"]
[BlackCountry "ENG"]
[WhiteElo "1528"]
[WhiteRD "52"]
[BlackElo "1866"]
[BlackRD "89"]
[GameID "424664"]

1. e4 g6 2. d4 Bg7 3. Be3 d6 4. Bd3 Nc6 5. c3 e5 6. Ne2 a6 7. d5 Nce7 8. h3 f5 9. f3 Nf6 10. Nd2 O-O
11. Qb3 f4 12. Bf2 Rf7 13. c4 Kh8 14. Nc3 Qe8 15. O-O-O c5 16. a3 Rb8 17. Qa2 Nh5 18. Rdg1 Ng3 19. Bxg3 fxg3 20. Nf1 Bh6+
21. Kc2 b6 22. Nxg3 Be3 23. Rf1 Ng8 24. Nd1 Bd4 25. Ne2 Rc7 26. Ndc3 Nf6 27. f4 b5 28. Rb1 b4 29. axb4 cxb4 30. Qa5 bxc3
31. bxc3 Rc5 32. Qxc5 Rxb1 33. Qxd6 Rb6 34. Qa3 Be3= 35. c5 Qf8 36. Ra1= Bxc5 37. Qa5 exf4 38. Nxf4 Nxe4 39. Rf1 Qd8 40. Qa1 Nf2
41. Ne6 Bxe6 42. dxe6 Qxd3+
0-1

[Event "Spring Tournament 2018 under 2300 "]
[Site "SchemingMind.com"]
[Date "2018.02.11"]
[Round "-"]
[White "Ragged Rook"]
[Black "ray winteringham"]
[Result "1-0"]
[WhiteCountry "ENG"]
[BlackCountry "ENG"]
[WhiteElo "1866"]
[WhiteRD "89"]
[BlackElo "1528"]
[BlackRD "52"]
[GameID "424665"]

1. Nf3 d5 2. g3 Nc6 3. Bg2 e5 4. d3 Bd7 5. Nbd2 Bd6 6. c4 d4 7. O-O f5 8. e3 dxe3 9. fxe3 Qe7 10. Qe1 Nb4
11. Qe2 Bc5 12. Nb3 c6 13. Nxc5 Be6 14. Nxe6 Qxe6 15. a3 Na6 16. d4 e4 17. Ne5 Nf6 18. b4 O-O 19. Bb2 Ng4 20. d5 cxd5
21. cxd5 Qxd5 22. Nxg4 fxg4 23. Qxg4 g6 24. Bxe4 Qd2 25. Qe6+
1-0

[Event "Spring Tournament 2018 under 2300 "]
[Site "SchemingMind.com"]
[Date "2018.02.16"]
[Round "-"]
[White "Transcendent"]
[Black "mespina"]
[Result "0-1"]
[WhiteCountry "ENG"]
[BlackCountry "ESP"]
[WhiteElo "1325"]
[WhiteRD "58"]
[BlackElo "2116"]
[BlackRD "88"]
[GameID "424829"]

1. d4 Nf6 2. c4 g6 3. g3 Bg7 4. Bg2 O-O 5. Nc3 d6 6. Nf3 Nbd7 7. O-O e5 8. d5 Nc5 9. Nd2 a5 10. Nde4 Nfxe4
11. Nxe4 Nxe4 12. Bxe4 f5 13. Bg2 f4 14. Qc2 Bf5 15. Qb3 b6 16. e4 Bd7
0-1

[Event "Spring Tournament 2018 under 2300 "]
[Site "SchemingMind.com"]
[Date "2018.02.20"]
[Round "-"]
[White "mespina"]
[Black "Transcendent"]
[Result "1-0"]
[WhiteCountry "ESP"]
[BlackCountry "ENG"]
[WhiteElo "2116"]
[WhiteRD "88"]
[BlackElo "1325"]
[BlackRD "58"]
[GameID "424830"]

1. e4 e6 2. d4 d5 3. Nc3 Bb4 4. e5 c5 5. a3 Bxc3+ 6. bxc3 Ne7 7. Qg4 cxd4 8. cxd4 Qc7 9. Ra2 O-O 10. Bd3 Nbc6
11. Nf3 Ng6 12. O-O Bd7 13. h4 Rac8 14. Ng5
1-0

[Event "Spring Tournament 2018 under 2300 "]
[Site "SchemingMind.com"]
[Date "2018.02.16"]
[Round "-"]
[White "ray winteringham"]
[Black "mespina"]
[Result "0-1"]
[WhiteCountry "ENG"]
[BlackCountry "ESP"]
[WhiteElo "1501"]
[WhiteRD "52"]
[BlackElo "1995"]
[BlackRD "161"]
[GameID "424831"]

1. e4 c5 2. Nf3 d6 3. Be2 Nf6 4. d3 g6 5. Be3 Bg7 6. c3 Nc6 7. Nbd2 O-O 8. Qc2 b5 9. O-O Bg4 10. h3 Bxf3
11. Bxf3 Ne5 12. d4 Nxf3+ 13. Nxf3 cxd4 14. cxd4 Qd7 15. Nd2 Rfc8 16. Qd3 e6 17. f3 a5 18. b3 a4 19. Rfb1 Nh5 20. Nf1 f5
21. a3 fxe4 22. fxe4 e5 23. d5 Nf4 24. Qd2 axb3 25. Bxf4 exf4 26. Qxf4 Qf7 27. Qxd6 Bxa1 28. Rxa1 b2 29. Rb1 Rc1
0-1

[Event "Spring Tournament 2018 under 2300 "]
[Site "SchemingMind.com"]
[Date "2018.02.16"]
[Round "-"]
[White "mespina"]
[Black "ray winteringham"]
[Result "1-0"]
[WhiteCountry "ESP"]
[BlackCountry "ENG"]
[WhiteElo "1995"]
[WhiteRD "161"]
[BlackElo "1501"]
[BlackRD "52"]
[GameID "424832"]

1. e4 c5 2. Nf3 Nc6 3. d4 cxd4 4. Nxd4 d6 5. Nc3 Bg4 6. f3 Bh5 7. h4 f6 8. g4 Bf7 9. Be3 e5 10. Nb3 g6
11. Qd3 Qc7 12. O-O-O Bxb3 13. axb3 Nh6 14. g5 fxg5 15. hxg5 Nf7 16. Nd5 Qd8 17. Nf6+ Ke7 18. Qb5 Ke6 19. Bh3+ Ke7 20. Qxb7+
1-0

[Event "Spring Tournament 2018 under 2300 "]
[Site "SchemingMind.com"]
[Date "2018.02.16"]
[Round "-"]
[White "fanfan_la_Tulipe"]
[Black "mespina"]
[Result "0-1"]
[WhiteCountry "AUT"]
[BlackCountry "ESP"]
[WhiteElo "2005"]
[WhiteRD "77"]
[BlackElo "2068"]
[BlackRD "81"]
[GameID "424833"]

1. d4 Nf6 2. c4 g6 3. Nc3 Bg7 4. e4 d6 5. Be2 O-O 6. Bg5 c5 7. d5 e6 8. Qd2 exd5 9. exd5 Bf5 10. Nf3 Nbd7
11. O-O Qb6 12. Nh4 Ne4 13. Nxe4 Bxe4 14. f3 Qxb2 15. fxe4 Qxd2 16. Bxd2 Bd4+ 17. Kh1 Bxa1 18. Rxa1 Rfe8 19. Bf3 Ne5 20. Rc1 Nd3
21. Rb1 Nf2+ 22. Kg1 Nxe4 23. Bf4 b6 24. g3 f6 25. Ng2 Ng5 26. Kf2 Nh3+ 27. Kf1 Nxf4 28. Nxf4 Re3 29. Be2 Ra3 30. Rb2 Kf7
31. Ne6 Rb8 32. Kf2 a6 33. Nc7 f5 34. Ne6 b5 35. cxb5 axb5 36. Bxb5 Ra5 37. Nc7 Ra7 38. Ne6 Ra5 39. Nc7 Ra7 40. Ne6 Kg8
41. Ke2 Ra5 42. a4 Rxa4 43. Kd3 Ra3+ 44. Kc4 Re3 45. Nf4 Kg7 46. Re2 Re4+ 47. Rxe4 fxe4 48. Ng2 Rf8 49. Nf4 Kf6 50. Ne6 Ra8
51. Nf4 Ra2 52. h4 Ke5 53. Bc6 Ra3 54. Ne2 Re3
0-1

[Event "Spring Tournament 2018 under 2300 "]
[Site "SchemingMind.com"]
[Date "2018.02.16"]
[Round "-"]
[White "mespina"]
[Black "fanfan_la_Tulipe"]
[Result "1/2-1/2"]
[WhiteCountry "ESP"]
[BlackCountry "AUT"]
[WhiteElo "2142"]
[WhiteRD "103"]
[BlackElo "2025"]
[BlackRD "90"]
[GameID "424834"]

1. e4 e5 2. Nf3 Nc6 3. Bc4 Nf6 4. d4 exd4 5. Ng5 d5 6. exd5 Qe7+ 7. Kf1 Ne5 8. Qxd4 Nxc4 9. Qxc4 h6 10. Nf3 Qc5
11. Qxc5 Bxc5 12. Nc3 Bf5 13. Be3 Bxe3 14. fxe3 Bxc2 15. Rc1 Bd3+ 16. Kf2 O-O-O 17. Ne5 Ne4+ 18. Kf3 Nd2+ 19. Kf2 Ne4+ 20. Kf3 Nd2+
21. Kf2 Ne4+ 22. Kf3 Nd2+ 23. Kf2 Ne4+ 24. Kf3 Nd2+
1/2-1/2

[Event "Spring Tournament 2018 under 2300 "]
[Site "SchemingMind.com"]
[Date "2018.02.16"]
[Round "-"]
[White "mespina"]
[Black "Ragged Rook"]
[Result "1-0"]
[WhiteCountry "ESP"]
[BlackCountry "ENG"]
[WhiteElo "2142"]
[WhiteRD "103"]
[BlackElo "1866"]
[BlackRD "89"]
[GameID "424835"]

1. e4 g6 2. d4 Bg7 3. Nc3 d6 4. f4 e6 5. Nf3 Ne7 6. Bd3 a6 7. Be3 b5 8. O-O O-O 9. e5 Bb7 10. Ne4 Nd7
11. Qe2 Nb6 12. Rae1 Ned5 13. c3 f5 14. exf6 Nxf6 15. Neg5 Qd7 16. Bd2 Rfe8 17. Nxe6 Ne4 18. Nxg7 Kxg7 19. f5 Ng3 20. f6+ Kh8
21. Qf2 Nxf1 22. Rxf1 Bxf3 23. Qxf3 Qf7 24. Bh6 Rad8 25. h4 d5 26. Bg7+ Kg8 27. h5 Nd7 28. hxg6 hxg6 29. Qh3 Qe6 30. Qh8+ Kf7
31. Bxg6+ Kxg6 32. Qh6+ Kf7 33. Qh5+ Kg8 34. Qg6 Qf7 35. Qh6 Qe6 36. f7+ Qxf7 37. Qh8#
1-0

[Event "Spring Tournament 2018 under 2300 "]
[Site "SchemingMind.com"]
[Date "2018.02.16"]
[Round "-"]
[White "Ragged Rook"]
[Black "mespina"]
[Result "0-1"]
[WhiteCountry "ENG"]
[BlackCountry "ESP"]
[WhiteElo "1866"]
[WhiteRD "89"]
[BlackElo "2142"]
[BlackRD "103"]
[GameID "424836"]

1. Nf3 c5 2. g3 g6 3. Bg2 Bg7 4. d3 Nc6 5. O-O Nf6 6. e4 d6 7. c3 O-O 8. Nbd2 e5 9. a3 b5 10. a4 b4
11. Nc4 Be6 12. h3 Nxe4 13. Nfxe5 Nxe5 14. Nxe5 Bxe5 15. dxe4 bxc3 16. Qc2 cxb2 17. Bxb2 Bxb2 18. Qxb2 Rb8 19. Qc2 Rb3 20. f4 Rxg3
21. f5 gxf5 22. exf5 Bd5 23. Rf2 Qh4 24. Kh2 Kh8 25. a5 Bxg2 26. Qb2+ f6
0-1

[Event "Spring Tournament 2018 under 2300 "]
[Site "SchemingMind.com"]
[Date "2018.03.03"]
[Round "-"]
[White "ray winteringham"]
[Black "Chessibelle"]
[Result "1-0"]
[WhiteCountry "ENG"]
[BlackCountry "ENG"]
[WhiteElo "1528"]
[WhiteRD "52"]
[BlackElo "1078"]
[BlackRD "58"]
[GameID "425417"]

1. e4 e5 2. Nf3 Nc6 3. d4 Bd6 4. d5 Nce7 5. a3 Nf6 6. Bd3 O-O 7. h3 c6 8. c4 a6 9. Bg5 b5 10. b3 Ng6
11. Bxf6 Qxf6 12. Nbd2 Bc5 13. b4 Nf4 14. O-O Nxd3 15. Qe2 Nf4 16. Qd1 d6 17. bxc5 Qg6 18. Nh4 Qg5 19. Ndf3 Qf6 20. Kh2 h6
21. g4 Qe7 22. Ng2 Nxg2 23. Kxg2 g6 24. Nh2 dxc5 25. dxc6 Be6 26. cxb5 axb5 27. a4 Rab8 28. axb5 Rxb5 29. Qa4 Rbb8 30. Nf3 Rbc8
31. Nxe5 Qg5 32. Nd3 h5 33. f4 Qh4 34. Ne5 f6 35. Nxg6
1-0

[Event "Spring Tournament 2018 under 2300 "]
[Site "SchemingMind.com"]
[Date "2018.03.03"]
[Round "-"]
[White "Chessibelle"]
[Black "ray winteringham"]
[Result "0-1"]
[WhiteCountry "ENG"]
[BlackCountry "ENG"]
[WhiteElo "1078"]
[WhiteRD "58"]
[BlackElo "1528"]
[BlackRD "52"]
[GameID "425418"]

1. e4 e5 2. Nf3 Nc6 3. d3 d5 4. Nc3 d4 5. Ne2 Bg4 6. Nd2 Bb4 7. a3 Bxd2+ 8. Bxd2 Nge7 9. f3 Bh5 10. g4 Bg6
11. h3 f6 12. Bg2 O-O 13. O-O b6 14. c3 Bf7 15. b4 a5 16. b5 Na7 17. c4 c5 18. Qe1 Nac8 19. f4 Qc7 20. Ng3 g6
21. f5 g5 22. Nh5 Bxh5 23. gxh5 h6 24. h4 Kh7 25. Bc1 Nd6 26. Qg3 Rg8 27. Kf2 Rg7 28. Ke2 Rag8 29. Qh2 gxh4 30. Qh3 Rxg2+
31. Ke1 R2g4 32. Qf3 Ne8 33. Qe2 Rg2 34. Qd1 R8g4 35. Qb3 Ng7 36. Qb1 Nxh5 37. Qb3 Nf4 38. Qd1 Re2+ 39. Qxe2 Nxe2
0-1

[Event "Spring Tournament 2018 under 2300 "]
[Site "SchemingMind.com"]
[Date "2018.03.03"]
[Round "-"]
[White "fanfan_la_Tulipe"]
[Black "Chessibelle"]
[Result "1-0"]
[WhiteCountry "AUT"]
[BlackCountry "ENG"]
[WhiteElo "2025"]
[WhiteRD "90"]
[BlackElo "1078"]
[BlackRD "58"]
[GameID "425419"]

1. d4 d5 2. c4 e6 3. Nc3 Nf6 4. cxd5 exd5 5. Bg5 Be7 6. e3 Bd7 7. Bd3 O-O 8. Nge2 g6 9. O-O Nc6 10. Bxf6 Bxf6
11. Nxd5 Bg5 12. Ng3 a6 13. Ne4 Bh6 14. Ndf6+ Kg7 15. Nxd7 Qxd7 16. Nc5 Rab8 17. Nxd7
1-0

[Event "Spring Tournament 2018 under 2300 "]
[Site "SchemingMind.com"]
[Date "2018.03.03"]
[Round "-"]
[White "Chessibelle"]
[Black "fanfan_la_Tulipe"]
[Result "0-1"]
[WhiteCountry "ENG"]
[BlackCountry "AUT"]
[WhiteElo "1128"]
[WhiteRD "59"]
[BlackElo "1997"]
[BlackRD "81"]
[GameID "425420"]

1. e4 e5 2. Nf3 Nc6 3. Nc3 Nf6 4. d3 h6 5. Be2 d5 6. O-O Be7 7. Re1 O-O 8. d4 Nxe4 9. Nxe4 dxe4 10. Nd2 Qxd4
11. c3 Qb6 12. Nc4 Qb5 13. b3 Rd8 14. Qc2 Qd5 15. Rd1 Qe6 16. Qxe4 Rxd1+ 17. Bxd1 f5 18. Qe3 b6 19. Nd2 Bb7 20. g3 Rd8
21. Bc2 Bc5 22. Qe2 Qd5 23. Nf3 e4 24. Nh4 Ne5 25. Qh5 e3 26. f3 e2+ 27. Kg2 e1=Q 28. Kh3 Qf1+ 29. Ng2 Qdxf3 30. Qh4 Q1xg2#
0-1

[Event "Spring Tournament 2018 under 2300 "]
[Site "SchemingMind.com"]
[Date "2018.03.03"]
[Round "-"]
[White "Chessibelle"]
[Black "mespina"]
[Result "0-1"]
[WhiteCountry "ENG"]
[BlackCountry "ESP"]
[WhiteElo "1078"]
[WhiteRD "58"]
[BlackElo "2142"]
[BlackRD "103"]
[GameID "425421"]

1. e4 c5 2. d3 Nc6 3. Bd2 Nf6 4. Nf3 e6 5. Be2 d5 6. O-O Bd6 7. b3 O-O 8. Nc3 h6 9. h3 a6 10. Be3 d4
11. Bd2 dxc3 12. Bxc3 b5 13. g4 Bf4 14. a3 Nh7 15. Bb2 Ng5 16. Kg2 e5 17. Qe1 h5 18. Qc3 Nxh3 19. Rh1 hxg4 20. Kf1 gxf3
21. Bxf3 Qh4 22. Qe1 Nd4 23. Bg2 Nxc2 24. Qe2 Nxa1 25. Bxa1 Rd8 26. Bc3 Rxd3 27. Ke1 Rxc3 28. Qd2 Rc1+ 29. Ke2 Qxf2+ 30. Kd3 Qxd2#
0-1

[Event "Spring Tournament 2018 under 2300 "]
[Site "SchemingMind.com"]
[Date "2018.03.03"]
[Round "-"]
[White "mespina"]
[Black "Chessibelle"]
[Result "1-0"]
[WhiteCountry "ESP"]
[BlackCountry "ENG"]
[WhiteElo "2142"]
[WhiteRD "103"]
[BlackElo "1078"]
[BlackRD "58"]
[GameID "425422"]

1. e4 e5 2. Nf3 Nc6 3. Bc4 h6 4. O-O Nf6 5. d4 Bd6 6. c3 O-O 7. Nbd2 a6 8. a4 a5 9. Re1 Be7 10. d5 Na7
11. Nxe5 c6 12. Nxf7 Qe8 13. Nxh6+ gxh6 14. d6+ Kg7 15. dxe7 Qxe7 16. e5 Qc5 17. exf6+ Rxf6 18. Ne4 Qxc4 19. Nxf6 Kxf6 20. Qf3+ Kg7
21. Re7+ Kg6 22. Qg3+ Kf6 23. Qg7+ Kf5 24. Re5#
1-0

[Event "Spring Tournament 2018 under 2300 "]
[Site "SchemingMind.com"]
[Date "2018.03.03"]
[Round "-"]
[White "Chessibelle"]
[Black "Ragged Rook"]
[Result "0-1"]
[WhiteCountry "ENG"]
[BlackCountry "ENG"]
[WhiteElo "1078"]
[WhiteRD "58"]
[BlackElo "1866"]
[BlackRD "89"]
[GameID "425423"]

1. e4 e5 2. Nf3 Nc6 3. d3 Nf6 4. Bd2 d5 5. Be2 dxe4 6. Ng5 exd3 7. Bxd3 Be7 8. c4 Qxd3 9. Nc3 Nd4 10. Qa4+ Bd7
11. Qd1 Nc2+
0-1

[Event "Spring Tournament 2018 under 2300 "]
[Site "SchemingMind.com"]
[Date "2018.03.03"]
[Round "-"]
[White "Ragged Rook"]
[Black "Chessibelle"]
[Result "1-0"]
[WhiteCountry "ENG"]
[BlackCountry "ENG"]
[WhiteElo "1866"]
[WhiteRD "89"]
[BlackElo "1078"]
[BlackRD "58"]
[GameID "425424"]

1. e4 e5 2. Nf3 Nc6 3. Bc4 h6 4. d4 Bd6 5. a3 Nge7 6. Nc3 O-O 7. h4 Kh7 8. Ng5+ Kh8 9. Nxf7+ Rxf7 10. Bxf7 g6
11. Bxh6 Ng8 12. Qd2 b6 13. h5 Be7 14. hxg6 d6 15. Bf8+ Nh6 16. Rxh6#
1-0

[Event "Spring Tournament 2018 under 2300 "]
[Site "SchemingMind.com"]
[Date "2018.03.08"]
[Round "-"]
[White "grabapawn"]
[Black "ray winteringham"]
[Result "1-0"]
[WhiteCountry "USA"]
[BlackCountry "ENG"]
[WhiteElo "1545"]
[WhiteRD "52"]
[BlackElo "1528"]
[BlackRD "52"]
[GameID "425664"]

1. d4 d5 2. Bf4 Bf5 3. e3 e6 4. c3 Bd6 5. Bg3 Bxg3 6. hxg3 h6 7. g4 Bg6 8. Nd2 c6 9. Ngf3 Nd7 10. g3 f6
11. Nh4 Ne7 12. Ndf3 Qb6 13. Qd2 Be4 14. Be2 O-O-O 15. Rh2 g5 16. Ng2 a6 17. O-O-O Kc7 18. Rdh1 Ng8 19. Nfe1 f5 20. f3 Ngf6
21. fxe4 Nxe4 22. Qc2 fxg4 23. Bxg4 Rde8 24. Nd3 Ndf6 25. Be2 Qa7 26. Ne5 h5 27. Bxh5 Nxg3 28. Qg6 Ngxh5 29. Rxh5 Nxh5 30. Qf7+ Kc8
31. Qd7+ Kb8 32. Rxh5 Rhg8 33. Rh7 Rh8 34. Nxc6+
1-0

[Event "Spring Tournament 2018 under 2300 "]
[Site "SchemingMind.com"]
[Date "2018.03.08"]
[Round "-"]
[White "ray winteringham"]
[Black "grabapawn"]
[Result "1-0"]
[WhiteCountry "ENG"]
[BlackCountry "USA"]
[WhiteElo "1528"]
[WhiteRD "52"]
[BlackElo "1545"]
[BlackRD "52"]
[GameID "425665"]

1. g3 d6 2. Bg2 Nf6 3. Nf3 Nbd7 4. d3 e5 5. e4 Be7 6. Be3 c6 7. b4 Qc7 8. c4 Nf8 9. Nc3 h6 10. Nd2 g5
11. Qb3 Ng4 12. O-O Ng6 13. Nd1 h5 14. Nc3 h4 15. Bh1 hxg3 16. hxg3 Qd7 17. Nf3 Nxe3 18. fxe3 Qh3 19. Kf2 Bg4 20. Bg2 Qh7
21. Rh1 Qg7 22. b5 O-O-O 23. bxc6 b6 24. Nd5 f5 25. Rab1 f4 26. Nxb6+ axb6 27. Qxb6 fxg3+ 28. Kxg3
1-0

[Event "Spring Tournament 2018 under 2300 "]
[Site "SchemingMind.com"]
[Date "2018.03.09"]
[Round "-"]
[White "grabapawn"]
[Black "fanfan_la_Tulipe"]
[Result "0-1"]
[WhiteCountry "USA"]
[BlackCountry "AUT"]
[WhiteElo "1545"]
[WhiteRD "52"]
[BlackElo "2025"]
[BlackRD "90"]
[GameID "425666"]

1. d4 Nf6 2. Bf4 g6 3. Nc3 d5 4. e3 Bg7 5. Bd3 O-O 6. h4 h5 7. f3 c5 8. Qd2 cxd4 9. exd4 Qb6 10. Nge2 Bd7
11. O-O-O Nc6 12. g4 hxg4 13. Ng3 Nxd4 14. h5 Nxf3 15. Qg2 e5 16. Bd2 e4 17. Be2 d4 18. Ncxe4 Nxe4 19. Nxe4 d3 20. Bxd3 Qxb2#
0-1

[Event "Spring Tournament 2018 under 2300 "]
[Site "SchemingMind.com"]
[Date "2018.03.09"]
[Round "-"]
[White "fanfan_la_Tulipe"]
[Black "grabapawn"]
[Result "1-0"]
[WhiteCountry "AUT"]
[BlackCountry "USA"]
[WhiteElo "2025"]
[WhiteRD "90"]
[BlackElo "1545"]
[BlackRD "52"]
[GameID "425667"]

1. d4 d6 2. e4 Nf6 3. Nc3 Nbd7 4. f4 e5 5. Nf3 Be7 6. Bc4 c6 7. dxe5 dxe5 8. fxe5 Nh5 9. e6 Ndf6 10. exf7+ Kf8
11. Qxd8+ Bxd8 12. e5 Nd5 13. Nxd5 cxd5 14. Bxd5 h6 15. O-O g5 16. Bd2 Be7 17. Rae1 Nf4 18. Bxf4 gxf4 19. Nd4 Bg5 20. c4 Bg4
21. b4 Rc8 22. e6 Ke7 23. h3 Bh5 24. Nf5+ Kf6 25. Nd6 Rc7 26. g3 f3 27. g4 Bg6 28. Rxf3+ Ke7 29. Nxb7 Bd2 30. Re2 Bxb4
31. Rb3 Bd6 32. Nxd6 h5 33. Nf5+ Kf6 34. Nd4 hxg4 35. hxg4 Ke7 36. Rf2 Rc5 37. Rb7+ Kf8 38. e7+
1-0

[Event "Spring Tournament 2018 under 2300 "]
[Site "SchemingMind.com"]
[Date "2018.03.08"]
[Round "-"]
[White "grabapawn"]
[Black "Chessibelle"]
[Result "1-0"]
[WhiteCountry "USA"]
[BlackCountry "ENG"]
[WhiteElo "1545"]
[WhiteRD "52"]
[BlackElo "1078"]
[BlackRD "58"]
[GameID "425668"]

1. d4 d5 2. Bf4 Nc6 3. e3 Bd7 4. c3 g6 5. Bd3 e6 6. Nf3 Be7 7. Nbd2 Nf6 8. Ng5 O-O 9. h4 a6 10. h5 Be8
11. hxg6 fxg6 12. Nxe6 Qb8 13. Nxf8 Bxf8 14. c4 Qd8 15. Qf3 Bg7 16. cxd5 Nb4 17. e4 Nh5 18. Nb3 Qe7 19. e5 g5 20. Bxh7+ Kxh7
21. Rxh5+ Bxh5 22. Qxh5+ Bh6 23. Bxg5 Qxg5 24. Qf7+ Bg7 25. Ke2 Kh6 26. Rh1+
1-0